[Event "España ch sub-14 2007"]
[Site "Linares ESP"]
[Date "2007.07.15"]
[Round "1.7"]
[White "Colon Garcia, Enrique"]
[Black "Alsina Lopez, Adolfo"]
[Result "1-0"]
[WhiteElo "2041"]
[BlackElo "1659"]
[PlyCount "33"]
[EventDate "2007.07.15"]
[EventType "swiss"]
[EventRounds "9"]
[EventCountry "ESP"]
[Source "lmi"]
[SourceDate "2007.07.15"]

1. e4 e6 2. d4 d5 3. e5 c5 4. c3 Nc6 5. Nf3 Qb6 6. a3 Bd7 7. b4 cxd4 8. cxd4
Nge7 9. Bb2 g6 10. Be2 Bg7 11. O-O O-O 12. Nbd2 Nb8 13. a4 Na6 14. b5 Nc7 15.
a5 Qxb5 16. Bxb5 Bxb5 17. Re1 1-0

[Event "España ch sub-14 2007"]
[Site "Linares ESP"]
[Date "2007.07.15"]
[Round "1.9"]
[White "Baragaño Campa, David"]
[Black "Alava Ruiz, Jorge"]
[Result "1-0"]
[WhiteElo "2031"]
[BlackElo "1646"]
[PlyCount "111"]
[EventDate "2007.07.15"]
[EventType "swiss"]
[EventRounds "9"]
[EventCountry "ESP"]
[Source "lmi"]
[SourceDate "2007.07.15"]

1. e4 g6 2. d4 d6 3. Nc3 Bg7 4. Be3 Nd7 5. Be2 e5 6. Nf3 c6 7. O-O Nh6 8. h3 f6
9. Bc4 b5 10. Bb3 Nf7 11. d5 c5 12. Nxb5 Ba6 13. c4 Nb6 14. Qd3 O-O 15. Nd2 Qd7
16. Nc3 Rab8 17. Rab1 Bc8 18. Bc2 Ng5 19. Ne2 Bh6 20. f4 exf4 21. Nxf4 Qe7 22.
Kh1 Nf7 23. b3 Ne5 24. Qe2 Kg7 25. Nf3 Nxf3 26. Rxf3 Bxf4 27. Bxf4 Nd7 28. Rbf1
Ne5 29. Rg3 a5 30. Qd2 Re8 31. Qxa5 Ba6 32. Qc3 Ra8 33. Bb1 Qb7 34. Bd2 Rab8
35. Qe3 Qf7 36. Qh6+ Kh8 37. Qf4 Kg7 38. Bc3 Rb7 39. Qe3 Qe7 40. Bxe5 Qxe5 41.
Rgf3 Rf8 42. Qf4 Rbf7 43. Qxe5 fxe5 44. Rxf7+ Rxf7 45. Rxf7+ Kxf7 46. Bd3 Kf6
47. g3 h5 48. a3 g5 49. b4 cxb4 50. axb4 h4 51. g4 Ke7 52. Kg2 Kd7 53. Kf3 Kc7
54. Ke3 Kb6 55. c5+ dxc5 56. bxc5+ 1-0

[Event "España ch sub-14 2007"]
[Site "Linares ESP"]
[Date "2007.07.15"]
[Round "1.12"]
[White "Carballo Noya, Miguel"]
[Black "Suarez Calvo, Alesandra"]
[Result "0-1"]
[WhiteElo "1635"]
[BlackElo "1970"]
[PlyCount "66"]
[EventDate "2007.07.15"]
[EventType "swiss"]
[EventRounds "9"]
[EventCountry "ESP"]
[Source "lmi"]
[SourceDate "2007.07.15"]

1. Nf3 d5 2. c4 d4 3. d3 c5 4. e3 Nc6 5. exd4 cxd4 6. Be2 e5 7. O-O Bd6 8. Re1
f5 9. Ng5 Nf6 10. Bf3 O-O 11. Bd5+ Nxd5 12. cxd5 Nb4 13. Nf3 Qc7 14. Na3 Bd7
15. Nc4 e4 16. Nxd6 Nxd3 17. Rf1 Qxd6 18. Nxd4 Qxd5 19. Qb3 Qxb3 20. Nxb3 Rac8
21. Rd1 Rc2 22. f4 Ba4 23. Nd4 Rc4 24. Nb3 Rfc8 25. Be3 Nxb2 26. Rd5 Rc3 27.
Bd4 Bxb3 28. axb3 Rc1+ 29. Rxc1 Rxc1+ 30. Kf2 Rd1 31. Ke3 Rd3+ 32. Ke2 Nd1 33.
b4 Nc3+ 0-1

[Event "España ch sub-14 2007"]
[Site "Linares ESP"]
[Date "2007.07.15"]
[Round "2.1"]
[White "Bendayan Claros, Aaron"]
[Black "Arribas Lopez, Angel"]
[Result "0-1"]
[WhiteElo "1843"]
[BlackElo "2292"]
[PlyCount "34"]
[EventDate "2007.07.15"]
[EventType "swiss"]
[EventRounds "9"]
[EventCountry "ESP"]
[Source "lmi"]
[SourceDate "2007.07.15"]

1. d4 Nf6 2. Bg5 e6 3. e4 h6 4. Bxf6 Qxf6 5. c3 d6 6. Bd3 Nd7 7. Ne2 e5 8. O-O
Qd8 9. f4 Be7 10. Ng3 exf4 11. Rxf4 Bg5 12. Rf1 Nf6 13. Nd2 Ng4 14. Qf3 O-O 15.
Nc4 b5 16. Na3 Be3+ 17. Kh1 Nxh2 0-1

[Event "España ch sub-14 2007"]
[Site "Linares ESP"]
[Date "2007.07.15"]
[Round "2.2"]
[White "Forcen Esteban, Daniel"]
[Black "Villar Perez, Samuel"]
[Result "1-0"]
[WhiteElo "2134"]
[BlackElo "1841"]
[PlyCount "49"]
[EventDate "2007.07.15"]
[EventType "swiss"]
[EventRounds "9"]
[EventCountry "ESP"]
[Source "lmi"]
[SourceDate "2007.07.15"]

1. e4 c5 2. Nc3 Nc6 3. f4 d6 4. Bc4 Nf6 5. Nf3 e6 6. d3 a6 7. a4 Be7 8. O-O O-O
9. Qe1 Re8 10. Bb3 Rb8 11. h3 b5 12. g4 Na5 13. f5 Nxb3 14. cxb3 Bf8 15. axb5
axb5 16. Qg3 b4 17. Nd1 exf5 18. gxf5 Nd7 19. Bf4 Qc7 20. Ne3 Ne5 21. Nd5 Nxf3+
22. Rxf3 Qd8 23. Bg5 Be7 24. Bxe7 Rxe7 25. f6 1-0

[Event "España ch sub-14 2007"]
[Site "Linares ESP"]
[Date "2007.07.15"]
[Round "2.3"]
[White "Bautista Mendez, Jose A"]
[Black "Coll Ortega, Jordi"]
[Result "0-1"]
[WhiteElo "1839"]
[BlackElo "2105"]
[PlyCount "132"]
[EventDate "2007.07.15"]
[EventType "swiss"]
[EventRounds "9"]
[EventCountry "ESP"]
[Source "lmi"]
[SourceDate "2007.07.15"]

1. e4 c5 2. c3 Nf6 3. e5 Nd5 4. d4 cxd4 5. Nf3 Nc6 6. cxd4 d6 7. Nc3 Nxc3 8.
bxc3 dxe5 9. d5 e4 10. Ng5 Ne5 11. Qa4+ Nd7 12. Nxe4 Qc7 13. Qd4 Qe5 14. Qxe5
Nxe5 15. f4 Nd7 16. Be3 b6 17. Bb5 Bb7 18. c4 e6 19. Ng5 exd5 20. cxd5 Rd8 21.
Rd1 Bb4+ 22. Kf2 O-O 23. Rd3 Nf6 24. Bc4 Bxd5 25. Bxd5 Rxd5 26. Rxd5 Nxd5 27.
Rd1 Nxe3 28. Kxe3 Re8+ 29. Kf3 h6 30. Ne4 f5 31. Ng3 g6 32. Rd7 Re7 33. Rd8+
Kf7 34. Ne2 Bc5 35. Rd3 a5 36. Nc3 Re1 37. Kg3 Re3+ 38. Rxe3 Bxe3 39. Kf3 Bc5
40. Ke2 Ke6 41. Kd3 g5 42. g3 g4 43. Ne2 Kd5 44. a4 Bf2 45. Nc3+ Kc5 46. Nb5
Bg1 47. Ke2 h5 48. Kf1 Bd4 49. Ke2 Bf6 50. Kd3 Kb4 51. Nd6 Kxa4 52. Kc4 Be7 53.
Nxf5 b5+ 54. Kd3 Bf6 55. Nd6 b4 56. Kc2 b3+ 57. Kb1 Kb4 58. Ne4 Bg7 59. f5 a4
60. f6 Bh6 61. Nd6 a3 62. Nf5 Bf8 63. Nd4 Kc3 64. Nb5+ Kd3 65. Nc7 a2+ 66. Kb2
Ba3+ 0-1

[Event "España ch sub-14 2007"]
[Site "Linares ESP"]
[Date "2007.07.15"]
[Round "2.4"]
[White "Pardo Simon, David"]
[Black "Palomo Teruel, Xavier"]
[Result "1-0"]
[WhiteElo "2080"]
[BlackElo "1832"]
[PlyCount "39"]
[EventDate "2007.07.15"]
[EventType "swiss"]
[EventRounds "9"]
[EventCountry "ESP"]
[Source "lmi"]
[SourceDate "2007.07.15"]

1. f4 e5 2. fxe5 d6 3. exd6 Bxd6 4. Nf3 g5 5. g3 Bf5 6. Bg2 c6 7. d3 g4 8. Nh4
Be6 9. O-O Nd7 10. Nf5 Bxf5 11. Rxf5 Ne7 12. Rf1 Ng6 13. e4 h5 14. d4 f6 15.
Qd3 Ndf8 16. Qc4 Qe7 17. e5 fxe5 18. Bxc6+ Kd8 19. Rf7 Qe6 20. Bg5+ 1-0

[Event "España ch sub-14 2007"]
[Site "Linares ESP"]
[Date "2007.07.15"]
[Round "2.5"]
[White "Montañes Arribas, Adrian"]
[Black "Antolin Concha, Diego"]
[Result "1/2-1/2"]
[WhiteElo "1811"]
[BlackElo "2077"]
[PlyCount "58"]
[EventDate "2007.07.15"]
[EventType "swiss"]
[EventRounds "9"]
[EventCountry "ESP"]
[Source "lmi"]
[SourceDate "2007.07.15"]

1. e4 c5 2. Nf3 d6 3. d3 g6 4. g3 Bg7 5. Bg2 Nc6 6. O-O Bg4 7. h3 Bxf3 8. Bxf3
Nf6 9. c3 O-O 10. Be3 Nd7 11. Qd2 Re8 12. d4 cxd4 13. cxd4 Nb6 14. b3 d5 15. e5
f6 16. exf6 Bxf6 17. Nc3 Qd7 18. Bg4 e6 19. Rad1 Rad8 20. h4 Qg7 21. Bh3 e5 22.
Ne2 e4 23. Nf4 Qf7 24. Bg2 Qe7 25. Rfe1 Qb4 26. Bh3 Qxd2 27. Rxd2 Re7 28. Rc1
Kf7 29. Rc5 h6 1/2-1/2

[Event "España ch sub-14 2007"]
[Site "Linares ESP"]
[Date "2007.07.15"]
[Round "2.6"]
[White "Garcia Gil, Bernandino"]
[Black "Marin Serrano, Alejandro"]
[Result "1-0"]
[WhiteElo "1920"]
[BlackElo "1793"]
[PlyCount "53"]
[EventDate "2007.07.15"]
[EventType "swiss"]
[EventRounds "9"]
[EventCountry "ESP"]
[Source "lmi"]
[SourceDate "2007.07.15"]

1. e4 e5 2. Nf3 Nc6 3. Bc4 Nf6 4. O-O Bc5 5. d4 Nxd4 6. Nxe5 O-O 7. Be3 d5 8.
exd5 Nxd5 9. Bxd4 Bxd4 10. Qxd4 Be6 11. Nc3 Nxc3 12. Qxc3 Bxc4 13. Nxc4 c6 14.
h3 Qc7 15. Qe5 Rac8 16. Qxc7 Rxc7 17. Rad1 g6 18. Rfe1 b6 19. Nd6 Rd7 20. Ne4
Rb7 21. g4 Kg7 22. g5 h6 23. h4 h5 24. Nf6 c5 25. Re8 Rb8 26. Rde1 Rfxe8 27.
Rxe8 1-0

[Event "España ch sub-14 2007"]
[Site "Linares ESP"]
[Date "2007.07.15"]
[Round "2.7"]
[White "Duarte Garcia, Pilar"]
[Black "Colon Garcia, Enrique"]
[Result "1/2-1/2"]
[WhiteElo "1782"]
[BlackElo "2041"]
[PlyCount "70"]
[EventDate "2007.07.15"]
[EventType "swiss"]
[EventRounds "9"]
[EventCountry "ESP"]
[Source "lmi"]
[SourceDate "2007.07.15"]

1. e4 c5 2. Nf3 d6 3. Bb5+ Bd7 4. Bxd7+ Qxd7 5. O-O Nc6 6. Nc3 Nf6 7. d3 e6 8.
Bf4 Be7 9. Re1 O-O 10. h3 a6 11. a4 b6 12. Bh2 e5 13. Nd2 Nd4 14. Rf1 Ne6 15.
Ne2 g5 16. Ng3 Ng7 17. Nf3 h6 18. Nd2 h5 19. Nc4 Rab8 20. Ne3 h4 21. Ngf5 Nfh5
22. Qg4 Qe6 23. Kh1 f6 24. g3 hxg3 25. fxg3 Nxf5 26. Nxf5 Ng7 27. h4 Nxf5 28.
Rxf5 Qc8 29. Raf1 Qc7 30. Bg1 Kf7 31. Rxg5 Rg8 32. Rxg8 Rxg8 33. Qh5+ Rg6 34.
Qh7+ Rg7 35. Qh5+ Rg6 1/2-1/2

[Event "España ch sub-14 2007"]
[Site "Linares ESP"]
[Date "2007.07.15"]
[Round "2.8"]
[White "Fernandez Garcia, Jose Miguel"]
[Black "Salido Polo, Veronica"]
[Result "1-0"]
[WhiteElo "2036"]
[BlackElo "1753"]
[PlyCount "131"]
[EventDate "2007.07.15"]
[EventType "swiss"]
[EventRounds "9"]
[EventCountry "ESP"]
[Source "lmi"]
[SourceDate "2007.07.15"]

1. f4 d5 2. Nf3 c5 3. b3 Nc6 4. Bb2 Bf5 5. e3 Nf6 6. Be2 e6 7. O-O Bd6 8. Bb5
O-O 9. Bxc6 bxc6 10. Ne5 Rc8 11. d3 Qb6 12. h3 c4 13. Bd4 c5 14. Bb2 cxd3 15.
cxd3 c4 16. Bd4 Bc5 17. dxc4 Rfd8 18. Nc3 Bxd4 19. Qxd4 Qxd4 20. exd4 dxc4 21.
Nxc4 Bd3 22. Rfd1 Bxc4 23. bxc4 Rxc4 24. Rac1 Kf8 25. Ne2 Ra4 26. Rc2 Nd5 27.
Rb1 Rd7 28. Rb3 Nb6 29. Kf2 Ke7 30. g3 Kf6 31. Kf3 Rc4 32. Rxc4 Nxc4 33. Rb4
Nb6 34. Nc3 Nd5 35. Ne4+ Ke7 36. Rb3 Nb6 37. Ke3 f6 38. Nc5 Rc7 39. Kd3 e5 40.
fxe5 fxe5 41. a4 exd4 42. Kxd4 Kf6 43. Rf3+ Kg6 44. Rb3 Rc8 45. a5 Rd8+ 46. Kc3
Nd5+ 47. Kc4 Rd6 48. Nb7 Rd7 49. Nc5 Rd6 50. Rd3 Nb6+ 51. axb6 Rxb6 52. Ra3 Rb1
53. Ra6+ Rb6 54. Rxa7 Rb1 55. Kd4 Rg1 56. Ne4 Kf5 57. Ra5+ Kg6 58. Ke5 Kf7 59.
Ra6 Re1 60. Ra3 Kg6 61. Rf3 Kh6 62. g4 g6 63. Rf4 Re3 64. h4 Ra3 65. g5+ Kg7
66. Ke6 1-0

[Event "España ch sub-14 2007"]
[Site "Linares ESP"]
[Date "2007.07.15"]
[Round "2.9"]
[White "Lorenzo Serrano, Henar"]
[Black "Baragaño Campa, David"]
[Result "0-1"]
[WhiteElo "1744"]
[BlackElo "2031"]
[PlyCount "52"]
[EventDate "2007.07.15"]
[EventType "swiss"]
[EventRounds "9"]
[EventCountry "ESP"]
[Source "lmi"]
[SourceDate "2007.07.15"]

1. e4 e6 2. Nf3 d5 3. Nc3 Ne7 4. d4 dxe4 5. Nxe4 Nf5 6. c3 Be7 7. Bd3 O-O 8.
Qc2 h6 9. O-O b6 10. Bf4 Bb7 11. Rad1 Nd6 12. Rfe1 Nd7 13. Re2 Nf6 14. Nfd2 Nd5
15. Bxd6 cxd6 16. Ng3 Nf4 17. Re3 Nxg2 18. Re2 Nf4 19. Re3 Nxd3 20. Qxd3 Bg5
21. Ree1 Qc7 22. Nde4 Qc6 23. f3 Bh4 24. Re2 a5 25. Rg2 f5 26. Nf2 Qxf3 0-1

[Event "España ch sub-14 2007"]
[Site "Linares ESP"]
[Date "2007.07.15"]
[Round "2.10"]
[White "Pruja Ramirez De Cartagena, Marc"]
[Black "Arribas Lopez, Angel"]
[Result "1-0"]
[WhiteElo "2022"]
[BlackElo "2292"]
[PlyCount "79"]
[EventDate "2007.07.15"]
[EventType "swiss"]
[EventRounds "9"]
[EventCountry "ESP"]
[Source "lmi"]
[SourceDate "2007.07.15"]

1. e4 e5 2. Nf3 Nc6 3. Bb5 a6 4. Ba4 Bc5 5. O-O d6 6. c3 b5 7. Bc2 Bg4 8. d3
Qf6 9. Qe2 Bxf3 10. gxf3 Nge7 11. Kh1 Ng6 12. Rg1 Nce7 13. Bb3 Qh4 14. Be3 Rd8
15. Nd2 O-O 16. Rg4 Qh5 17. Rag1 Bxe3 18. fxe3 Kh8 19. Nf1 f5 20. Ng3 Qh6 21.
Nxf5 Nxf5 22. exf5 Rxf5 23. Bd5 Ne7 24. Be4 Rf7 25. Qf2 d5 26. Rh4 dxe4 27.
Rxh6 gxh6 28. dxe4 Ng6 29. Qe2 Rfd7 30. f4 exf4 31. exf4 Nxf4 32. Qg4 Ng6 33.
h4 h5 34. Qxh5 Rg7 35. Qg5 Rdg8 36. Qf6 a5 37. h5 Nf4 38. Rxg7 Rxg7 39. h6 Nh5
40. hxg7+ 1-0

[Event "España ch sub-14 2007"]
[Site "Linares ESP"]
[Date "2007.07.15"]
[Round "2.11"]
[White "Suarez Calvo, Alesandra"]
[Black "Coll Ortega, Cristina"]
[Result "1-0"]
[WhiteElo "1970"]
[BlackElo "1707"]
[PlyCount "123"]
[EventDate "2007.07.15"]
[EventType "swiss"]
[EventRounds "9"]
[EventCountry "ESP"]
[Source "lmi"]
[SourceDate "2007.07.15"]

1. e4 c6 2. d4 d5 3. e5 c5 4. dxc5 e6 5. Be3 Nd7 6. Bb5 Qc7 7. Qd4 Ne7 8. b4
Ng6 9. Nf3 Be7 10. Nc3 O-O 11. Bxd7 Bxd7 12. Rd1 Rfc8 13. Ne2 b6 14. O-O bxc5
15. bxc5 Bxc5 16. Qxc5 Qxc5 17. Bxc5 Rxc5 18. Ned4 Ba4 19. Rd2 Rb8 20. Nb3 Rc4
21. Re1 Rbb4 22. a3 Rb8 23. Nfd4 Rbc8 24. g3 Bxb3 25. cxb3 Rc1 26. Rde2 Rxe1+
27. Rxe1 Rc3 28. f4 Rd3 29. Nb5 Rxb3 30. a4 a6 31. Nc7 Ra3 32. Nxa6 Rxa4 33.
Nc5 Rc4 34. Nd7 Nf8 35. Nb8 g6 36. Re2 Kg7 37. Kf2 Rc7 38. Na6 Ra7 39. Nb4 Nd7
40. Nc6 Rc7 41. Nd4 Nc5 42. Re3 Ne4+ 43. Ke2 Ra7 44. h3 Ra2+ 45. Ke1 Ra1+ 46.
Ke2 Rg1 47. g4 Rg2+ 48. Ke1 Ra2 49. Nb5 Rb2 50. Nd4 Rb4 51. Rd3 Rc4 52. f5 gxf5
53. gxf5 exf5 54. Nxf5+ Kg6 55. Ne7+ Kg5 56. Nxd5 Kf5 57. Ne3+ Kxe5 58. Nxc4+
Kf4 59. Rd4 Kf3 60. Nd2+ Nxd2 61. Kxd2 f5 62. Rh4 1-0

[Event "España ch sub-14 2007"]
[Site "Linares ESP"]
[Date "2007.07.15"]
[Round "2.12"]
[White "Anaya Lopez, Gonzalo"]
[Black "Anaya Lopez, Victor"]
[Result "0-1"]
[WhiteElo "1724"]
[BlackElo "1959"]
[PlyCount "82"]
[EventDate "2007.07.15"]
[EventType "swiss"]
[EventRounds "9"]
[EventCountry "ESP"]
[Source "lmi"]
[SourceDate "2007.07.15"]

1. e4 c5 2. Nc3 Nc6 3. f4 g6 4. Nf3 Bg7 5. d3 e6 6. Be2 Nge7 7. O-O O-O 8. Qe1
d6 9. Bd1 Rb8 10. a4 a6 11. Ne2 b5 12. axb5 axb5 13. c3 b4 14. Bc2 Bd7 15. Kh1
Qc7 16. Be3 bxc3 17. bxc3 Rb2 18. Qd2 Rfb8 19. Rfb1 Na5 20. Qc1 Rxb1 21. Rxb1
c4 22. d4 d5 23. g3 Bc6 24. e5 Nc8 25. Rxb8 Qxb8 26. Qa3 Qc7 27. Nc1 Bf8 28.
Qa2 Na7 29. Bd2 Nb5 30. Kg2 Na3 31. Bd1 Qb6 32. Kf2 Nb1 33. Be1 Na3 34. Nd2 Nb5
35. Nb1 Nxd4 36. cxd4 Qxd4+ 37. Ke2 Qe4+ 38. Kf1 Qh1+ 39. Ke2 d4 40. Bxa5 Bf3+
41. Kf2 Qg2+ 0-1

[Event "España ch sub-14 2007"]
[Site "Linares ESP"]
[Date "2007.07.16"]
[Round "3.1"]
[White "Arribas Lopez, Angel"]
[Black "Pozueta Alegria, Adrian"]
[Result "1-0"]
[WhiteElo "2292"]
[BlackElo "1924"]
[PlyCount "89"]
[EventDate "2007.07.15"]
[EventType "swiss"]
[EventRounds "9"]
[EventCountry "ESP"]
[Source "lmi"]
[SourceDate "2007.07.15"]

1. e4 c5 2. Nf3 e6 3. d3 d5 4. Nbd2 Nc6 5. g3 Bd6 6. Bg2 Nge7 7. O-O O-O 8. Nh4
b5 9. f4 f6 10. f5 d4 11. a4 Rb8 12. axb5 Rxb5 13. Nc4 a6 14. fxe6 Bxe6 15.
Nxd6 Qxd6 16. Rxa6 Qd7 17. Nf5 Bxf5 18. exf5 Nb4 19. Ra3 Rc8 20. Be4 Rb6 21. c3
dxc3 22. bxc3 Nbd5 23. Kh1 Rd8 24. Qf3 Rbb8 25. c4 Nb4 26. Qf2 Rbc8 27. Be3 Qc7
28. Rfa1 Qd6 29. Rb3 g6 30. g4 Qe5 31. Raa3 Rd7 32. Bf4 Qd4 33. Qxd4 Rxd4 34.
Be3 Rd7 35. Ra5 Rdc7 36. Kg2 Kg7 37. fxg6 Nxg6 38. Bxc5 Nxd3 39. Bd6 Ndf4+ 40.
Kf3 Rxc4 41. Bxf4 Rxe4 42. Kxe4 Rc4+ 43. Kd3 Rxf4 44. Rb7+ Kh6 45. Rh5# 1-0

[Event "España ch sub-14 2007"]
[Site "Linares ESP"]
[Date "2007.07.16"]
[Round "3.2"]
[White "Jordan Martinez, Miguel"]
[Black "Forcen Esteban, Daniel"]
[Result "0-1"]
[WhiteElo "1926"]
[BlackElo "2134"]
[PlyCount "136"]
[EventDate "2007.07.15"]
[EventType "swiss"]
[EventRounds "9"]
[EventCountry "ESP"]
[Source "lmi"]
[SourceDate "2007.07.15"]

1. e4 c5 2. Nf3 d6 3. c4 a6 4. d4 cxd4 5. Nxd4 Nf6 6. Nc3 g6 7. Be2 Bg7 8. Be3
Nc6 9. Qd2 Nxd4 10. Bxd4 O-O 11. f3 Be6 12. O-O Rc8 13. b3 Bd7 14. Rfd1 Re8 15.
Rac1 Qa5 16. Qe3 Be6 17. Rd2 Qh5 18. Qf2 Rc6 19. g4 Qa5 20. Rdc2 h5 21. h3 hxg4
22. hxg4 Rec8 23. Nd5 Bxd5 24. exd5 Nxd5 25. Bxg7 Kxg7 26. f4 R6c7 27. Kg2 e5
28. fxe5 dxe5 29. Rh1 Nf4+ 30. Kg3 Rh8 31. Rxh8 Kxh8 32. Qh2+ Kg8 33. Bf3 Qe1+
34. Qf2 Qxf2+ 35. Kxf2 b5 36. Ke3 Kg7 37. Ke4 bxc4 38. bxc4 Kf6 39. g5+ Kxg5
40. Kxe5 Re7+ 41. Kd6 Re3 42. Bb7 Kf6 43. c5 Rd3+ 44. Kc7 a5 45. Kb6 Ke7 46. c6
Nd5+ 47. Kxa5 Kd6 48. Kb5 Rd1 49. Rf2 f6 50. a4 g5 51. Kc4 f5 52. a5 g4 53. a6
g3 54. Ra2 f4 55. c7 Nxc7 56. a7 Ke5 57. Re2+ Kf6 58. a8=Q Nxa8 59. Bxa8 Kg5
60. Bf3 Rf1 61. Bg2 f3 62. Bxf3 Rxf3 63. Re8 Kf4 64. Kd4 g2 65. Rg8 Rg3 66.
Rf8+ Kg4 67. Rg8+ Kf3 68. Rf8+ Ke2 0-1

[Event "España ch sub-14 2007"]
[Site "Linares ESP"]
[Date "2007.07.16"]
[Round "3.3"]
[White "Coll Ortega, Jordi"]
[Black "Rioboo De La Riva, Alvaro"]
[Result "0-1"]
[WhiteElo "2105"]
[BlackElo "1911"]
[PlyCount "142"]
[EventDate "2007.07.15"]
[EventType "swiss"]
[EventRounds "9"]
[EventCountry "ESP"]
[Source "lmi"]
[SourceDate "2007.07.15"]

1. e4 e6 2. d4 d5 3. Nd2 Nf6 4. e5 Nfd7 5. Bd3 c5 6. c3 Nc6 7. Ne2 cxd4 8. cxd4
f6 9. exf6 Nxf6 10. Nf3 Bd6 11. O-O Qc7 12. Bg5 O-O 13. Bh4 Nh5 14. Ng3 Nf4 15.
Rc1 g6 16. Re1 Qg7 17. Bb1 h6 18. Nf1 g5 19. Bg3 g4 20. Rxc6 bxc6 21. Ne5 Ba6
22. Ne3 Bxe5 23. dxe5 h5 24. Kh1 Rab8 25. b3 c5 26. Bh4 d4 27. Bf6 Qb7 28. f3
dxe3 29. Rxe3 Qd5 30. Qe1 Rxf6 31. exf6 Qg5 32. f7+ Kxf7 33. Re5 Qf6 34. Rxc5
Rd8 35. Rc7+ Kg8 36. Be4 Be2 37. Rc1 Qd4 38. h3 Qd1 39. Rxd1 Rxd1 40. Qxd1 Bxd1
41. hxg4 hxg4 42. Kh2 gxf3 43. gxf3 Kf7 44. b4 Be2 45. Kg3 Nd3 46. b5 Nc5 47.
Bc6 Ke7 48. Kf4 Kd6 49. Ke3 Bc4 50. a3 Bd5 51. Be8 Ke7 52. Bg6 Na4 53. Bc2 Nc5
54. f4 Nd7 55. Kd4 Kd6 56. a4 Nb6 57. Bd1 Bg2 58. Bc2 Bh3 59. Bb3 Nd5 60. Bxd5
exd5 61. a5 Bd7 62. b6 axb6 63. axb6 Bc6 64. f5 Bb7 65. f6 Ke6 66. f7 Kxf7 67.
Ke5 Ke7 68. Kd4 Kd6 69. Kd3 Kc5 70. Kc3 Kxb6 71. Kd4 Kc6 0-1

[Event "España ch sub-14 2007"]
[Site "Linares ESP"]
[Date "2007.07.16"]
[Round "3.4"]
[White "Garcia Salamero, Gabriel"]
[Black "Pardo Simon, David"]
[Result "0-1"]
[WhiteElo "1919"]
[BlackElo "2080"]
[PlyCount "72"]
[EventDate "2007.07.15"]
[EventType "swiss"]
[EventRounds "9"]
[EventCountry "ESP"]
[Source "lmi"]
[SourceDate "2007.07.15"]

1. e4 e5 2. Nf3 Nc6 3. Nc3 Nf6 4. Bb5 d6 5. d4 exd4 6. Nxd4 Bd7 7. O-O Nxd4 8.
Bxd7+ Nxd7 9. Qxd4 Ne5 10. f4 Nc6 11. Qf2 Be7 12. Nd5 O-O 13. b3 Bf6 14. Rb1
Re8 15. Nxf6+ Qxf6 16. Bb2 Qg6 17. Rbe1 f6 18. Re3 Rxe4 19. Rg3 Qf7 20. Rh3
Rae8 21. Qh4 h6 22. Rg3 Kh8 23. Qh3 Re1 24. Rxe1 Rxe1+ 25. Kf2 Qe6 26. Qh5 Re4
27. Bc1 Nd4 28. Rg6 Re2+ 29. Kg3 Nf5+ 30. Kh3 Ne7+ 31. Rg4 Qf5 32. Qe8+ Kh7 33.
Qf7 Ng6 34. Kg3 h5 35. Rg5 h4+ 36. Kf3 Qe4+ 0-1

[Event "España ch sub-14 2007"]
[Site "Linares ESP"]
[Date "2007.07.16"]
[Round "3.5"]
[White "Remoli Sargues, Lidia"]
[Black "Garcia Gil, Bernandino"]
[Result "1-0"]
[WhiteElo "1894"]
[BlackElo "1920"]
[PlyCount "124"]
[EventDate "2007.07.15"]
[EventType "swiss"]
[EventRounds "9"]
[EventCountry "ESP"]
[Source "lmi"]
[SourceDate "2007.07.15"]

1. d4 c5 2. d5 e5 3. e4 d6 4. Nf3 g6 5. h3 Bg7 6. Bd3 f5 7. Nc3 Nf6 8. Ng5 h6
9. Bb5+ Ke7 10. Ne6 Bxe6 11. dxe6 Kxe6 12. Bc4+ Ke7 13. Nd5+ Kf8 14. exf5 gxf5
15. Qf3 Qd7 16. Be3 e4 17. Qg3 Nxd5 18. Bxd5 Nc6 19. O-O-O Qe7 20. Bxc6 Be5 21.
Qg6 bxc6 22. Bxh6+ Rxh6 23. Qxh6+ Kg8 24. f4 Bf6 25. Rhe1 Rb8 26. c3 Qe6 27.
Qg6+ Kh8 28. Re3 Qe7 29. Qh6+ Kg8 30. Rg3+ Bg7 31. Qxd6 Qb7 32. b3 Kh8 33. Qd7
Bh6 34. Qxb7 Bxf4+ 35. Kc2 Rxb7 36. Rg6 Re7 37. Rf1 Kh7 38. Rf6 e3 39. Re1 Bg3
40. Re2 f4 41. Rxc6 Re5 42. Rc7+ Kg6 43. Rxa7 Rg5 44. Kd3 Kf5 45. b4 Ke5 46.
Ra5 Ke6 47. Rxc5 Rg8 48. Ke4 Rd8 49. Kf3 Rd1 50. Rg5 Rf1+ 51. Ke4 Bh2 52. b5
Kf6 53. Rg4 Rf2 54. Kd3 Rf1 55. b6 Kf5 56. Rg8 Rb1 57. g4+ fxg3 58. Rxe3 Kf4
59. Re4+ Kf3 60. Rf8+ Kg2 61. Rb4 Rxb4 62. cxb4 Kxh3 1-0

[Event "España ch sub-14 2007"]
[Site "Linares ESP"]
[Date "2007.07.16"]
[Round "3.6"]
[White "Vidal Zamora, Alex"]
[Black "Fernandez Garcia, Jose Miguel"]
[Result "0-1"]
[WhiteElo "1892"]
[BlackElo "2036"]
[PlyCount "96"]
[EventDate "2007.07.15"]
[EventType "swiss"]
[EventRounds "9"]
[EventCountry "ESP"]
[Source "lmi"]
[SourceDate "2007.07.15"]

1. e4 c5 2. Nf3 e6 3. d4 cxd4 4. Nxd4 a6 5. Bd3 Qc7 6. O-O Nf6 7. c4 Be7 8. Nc3
d6 9. Qe2 Nbd7 10. f4 O-O 11. Nf3 e5 12. Kh1 exf4 13. Bxf4 Ne5 14. Nxe5 dxe5
15. Bg5 Be6 16. Bxf6 Bxf6 17. Nd5 Bxd5 18. exd5 Be7 19. Rf5 Bd6 20. Raf1 g6 21.
Rg5 Qe7 22. Rg4 h5 23. Re4 f5 24. Re3 e4 25. Bb1 Qe5 26. Rg3 Kg7 27. Rh3 Rf6
28. Qe3 Rc8 29. b3 Rf7 30. Qg5 Rh8 31. Rg3 Rh6 32. Rh3 Rf8 33. b4 b6 34. Qe3
Rc8 35. Qxb6 Rxc4 36. Qxa6 Rc3 37. Qxd6 Qxd6 38. Rxc3 Qxb4 39. Rc7+ Kf6 40.
Rfc1 e3 41. R7c3 e2 42. Re3 Qd2 43. Re6+ Kg5 44. Rg1 h4 45. h3 Rh7 46. Re5 Kf4
47. Re6 Rc7 48. Rc6 Rxc6 0-1

[Event "España ch sub-14 2007"]
[Site "Linares ESP"]
[Date "2007.07.16"]
[Round "3.7"]
[White "Baragaño Campa, David"]
[Black "Diaz-flores Sanchez, Pau"]
[Result "1-0"]
[WhiteElo "2031"]
[BlackElo "1891"]
[PlyCount "109"]
[EventDate "2007.07.15"]
[EventType "swiss"]
[EventRounds "9"]
[EventCountry "ESP"]
[Source "lmi"]
[SourceDate "2007.07.15"]

1. e4 c5 2. c3 d5 3. exd5 Qxd5 4. d4 e5 5. Nf3 Nc6 6. Be3 Bg4 7. Be2 O-O-O 8.
c4 Qd7 9. d5 Bxf3 10. Bxf3 Nd4 11. Nc3 Nf6 12. Qd3 Nxf3+ 13. gxf3 Be7 14. O-O-O
Qh3 15. Ne4 Qxf3 16. Nxc5 Ng4 17. Ne4 f5 18. Nd2 Nxf2 19. Nxf3 Nxd3+ 20. Rxd3
e4 21. Rb3 exf3 22. Bxa7 Rde8 23. Rxf3 Bg5+ 24. Kd1 g6 25. Bd4 Rhf8 26. Rhf1
Re4 27. Rd3 Rfe8 28. h3 Be3 29. Bxe3 Rxe3 30. Kd2 R3e4 31. Kc3 Kd7 32. Rff3 Rc8
33. Rd4 b5 34. b3 Re2 35. a4 bxa4 36. bxa4 Ra2 37. Kb3 Re2 38. Ka3 Rb8 39. c5
Rbb2 40. Rb3 Rxb3+ 41. Kxb3 Re3+ 42. Kb4 Rxh3 43. c6+ Kd6 44. Rc4 Kc7 45. d6+
Kc8 46. c7 Rd3 47. Kc5 g5 48. Rb4 Kd7 49. Rb8 Rc3+ 50. Kd4 Rc6 51. Rd8+ Ke6 52.
c8=Q+ Rxc8 53. Rxc8 g4 54. Rh8 g3 55. Ke3 1-0